000 00305nam a2200109Ia 4500
005 20251222144639.0
008 251222s9999||||xx |||||||||||||| ||spa||
082 _a337.15/C76R
245 0 _aLas Relaciones Económicas y Comerciales entre América Latina y Asia-Pacífico:
264 _bCEPAL
942 _cLIB
999 _c16615
_d16615